000 00372nam a2200121Ia 4500
008 160609s9999 xx 000 0 und d
100 _aPhilips, Denis C.
245 _aEncyclopedia Of Educational Theory And Philosophy
245 _cBy:D. (Denis) C. Phillips
260 _c2015
650 _xEDUCATIONAL PHILOSOPHIES
856 _uhttp://file.ebook777.com/EnOfEdThAnPh.pdf
999 _c295866
_d295866